[Event "Reykjavik Open"]
[Site "Reykjavik ISL"]
[Date "2012.03.11"]
[Round "7.9"]
[White "Halkias, Stelios"]
[Black "Hunt, Adam C"]
[Result "1-0"]
[WhiteTitle "GM"]
[BlackTitle "IM"]
[WhiteElo "2588"]
[BlackElo "2454"]
[WhiteFideId "4201809"]
[BlackFideId "403970"]
[EventDate "2012.03.06"]

1. Nf3 Nf6 2. c4 g6 3. Nc3 d5 4. d4 Bg7 5. Qa4+ Bd7 6. Qb3 dxc4 7. Qxc4 O-O 8.
Bf4 Na6 9. e4 c5 10. e5 Be6 11. exf6 Bxc4 12. fxg7 Kxg7 13. Bxc4 Nb4 14. O-O
cxd4 15. Rad1 dxc3 16. Rxd8 Rfxd8 17. Be5+ Kg8 18. Bxc3 Nd5 19. Bd2 Rac8 20. Bb3
e6 21. Bg5 Rd6 22. Rd1 Kg7 23. h4 f6 24. Bf4 Rdd8 25. Bg3 Nb4 26. Rxd8 Rxd8 27.
Bxe6 Rd1+ 28. Kh2 Nd3 29. Bb3 Rc1 30. Nd4 Nxb2 31. Ne6+ Kh8 32. Bd6 Nc4 33. Be7
b5 34. Bxf6+ Kg8 35. Nc7 a6 36. Nxa6 Kf8 37. Nc7 Nd6 38. Be5 Ke7 39. Bxd6+ Kxd6
40. Nxb5+ Ke7 41. Nd4 Kf6 42. g3 h6 43. Kg2 Ke5 44. Nf3+ Kf5 45. Nh2 Rc3 46. Nf1
Rc1 47. Ne3+ Kf6 48. Kf3 Kg7 49. Ke4 Kf6 50. Kd4 g5 51. hxg5+ hxg5 52. a4 Ke7
53. Ke5 1-0

[Event "Reykjavik Open"]
[Site "Reykjavik ISL"]
[Date "2012.03.11"]
[Round "7.10"]
[White "Danielsen, Henrik"]
[Black "Maze, Sebastien"]
[Result "1/2-1/2"]
[WhiteTitle "GM"]
[BlackTitle "GM"]
[WhiteElo "2504"]
[BlackElo "2577"]
[WhiteFideId "1400185"]
[BlackFideId "613762"]
[EventDate "2012.03.06"]

1. Nf3 Nf6 2. d4 g6 3. c3 Bg7 4. Bg5 d6 5. Nbd2 h6 6. Bxf6 Bxf6 7. e4 O-O 8. e5
Bg7 9. Bc4 e6 10. Qe2 Nd7 11. O-O b6 12. Rad1 Bb7 13. Rfe1 a6 14. Bd3 Qe7 15.
Be4 Bxe4 16. Qxe4 d5 17. Qd3 b5 18. b4 Nb6 19. Qe2 Nc4 20. Nxc4 bxc4 21. Rb1 Qd7
22. a4 a5 23. b5 Rfb8 24. Qc2 Rb6 25. Nd2 Rab8 26. f4 h5 27. g3 Bf8 28. Kf2 Be7
29. Ke2 c6 30. bxc6 Qxc6 31. Rxb6 Rxb6 32. Rb1 Rxb1 33. Nxb1 Bf8 1/2-1/2

[Event "Reykjavik Open"]
[Site "Reykjavik ISL"]
[Date "2012.03.11"]
[Round "7.12"]
[White "Gislason, Gudmundur"]
[Black "L'Ami, Erwin"]
[Result "1/2-1/2"]
[BlackTitle "GM"]
[WhiteElo "2346"]
[BlackElo "2611"]
[WhiteFideId "2300559"]
[BlackFideId "1007998"]
[EventDate "2012.03.06"]

1. d4 Nf6 2. c4 g6 3. g3 Bg7 4. Bg2 O-O 5. Nc3 d6 6. Nf3 c6 7. O-O Bf5 8. Nh4
Be6 9. Qd3 d5 10. b3 Qa5 11. c5 b6 12. cxb6 axb6 13. Rb1 Qa6 14. Qc2 Nbd7 15. f4
Ne8 16. Be3 Nd6 17. Bf2 Rac8 18. Rbc1 Nf6 19. Rfd1 Nfe4 20. Nxe4 dxe4 21. e3 Qa3
22. Qb1 Bf6 23. Rc2 Bd5 24. g4 e6 25. g5 Be7 26. Bf1 h6 27. gxh6 b5 28. Bh3 Kh7
29. Kh1 Kxh6 30. Rg1 Rh8 31. f5 exf5 32. Nxf5+ Nxf5 33. Bxf5 Rcg8 34. Bg3 Bg5
35. Qf1 Qe7 36. Be5 f6 37. Rxg5 fxe5 38. Rg4 exd4 39. Rf2 g5 40. Qh3+ Kg7 41.
Qg3 Rh5 42. Kg1 Rf8 43. h4 d3 44. Rxg5+ Rxg5 45. hxg5 d2 46. Bg4 Qxg5 47. Rxd2
Rf3 48. Bxf3 Qxg3+ 49. Rg2 Qxg2+ 50. Bxg2 b4 51. Kf2 Kf6 52. Kg3 Kg5 53. Bf1 c5
54. Bc4 Bc6 55. Be2 Bd7 56. Ba6 Bg4 57. Bb7 Bf3 58. Kf2 Kf5 59. Ke1 Ke5 60. Ba6
Bh5 61. Bc4 Kf5 62. Bb5 Bf7 63. Kf2 Ke5 64. Ba6 Kd5 1/2-1/2

[Event "Reykjavik Open"]
[Site "Reykjavik ISL"]
[Date "2012.03.11"]
[Round "7.15"]
[White "Libiszewski, Fabien"]
[Black "Michalczak, Thomas"]
[Result "1-0"]
[WhiteTitle "GM"]
[BlackTitle "FM"]
[WhiteElo "2523"]
[BlackElo "2326"]
[WhiteFideId "616834"]
[BlackFideId "4622634"]
[EventDate "2012.03.06"]

1. e4 e5 2. Nf3 Nc6 3. Bb5 Nf6 4. d3 Bc5 5. Bxc6 dxc6 6. Nbd2 Bg4 7. Nc4 Nd7 8.
Be3 Bxe3 9. Nxe3 Bxf3 10. Qxf3 Qf6 11. Qxf6 Nxf6 12. Nc4 Nd7 13. O-O-O c5 14.
Rdf1 Ke7 15. f4 f6 16. fxe5 fxe5 17. Ne3 Ke6 18. Nd5 Rac8 19. Rf5 c6 20. Ne3
Rcf8 21. Rhf1 g6 22. Rxf8 Rxf8 23. Rxf8 Nxf8 24. Kd2 Nd7 25. Ke2 Nf6 26. Kf3 b6
27. Nc4 Ne8 28. Kg4 h6 29. h4 Nf6+ 30. Kf3 Nh5 31. Ne3 Nf6 32. h5 Nxh5 33. Ng4
Nf6 34. Nxh6 g5 35. Ng4 Nd7 36. Ne3 Kf6 37. Nf5 b5 38. c4 bxc4 39. dxc4 Ke6 40.
Ne3 Kf6 41. Kg4 Kg6 42. Nf5 Nf6+ 43. Kf3 g4+ 44. Ke3 Kg5 45. Ne7 Kh4 46. Nxc6
Kg3 47. Nxe5 Nh5 48. b4 cxb4 49. c5 Nf4 50. c6 Ne6 51. Nd3 a5 52. Nf4 Nc7 53.
Nd5 Ne6 54. c7 Nxc7 55. Nxc7 a4 56. Nd5 b3 57. axb3 a3 58. Nc3 Kxg2 59. e5 g3
60. e6 Kf1 61. e7 g2 62. Ne2 g1=Q+ 63. Nxg1 a2 64. e8=Q a1=Q 65. Ne2 Qb2 66.
Qf7+ Ke1 67. Qf2+ Kd1 68. Qf1+ Kc2 69. Nd4+ 1-0

[Event "Reykjavik Open"]
[Site "Reykjavik ISL"]
[Date "2012.03.11"]
[Round "7.16"]
[White "Williams, Simon K"]
[Black "Sigfusson, Sigurdur"]
[Result "1-0"]
[WhiteTitle "GM"]
[BlackTitle "FM"]
[WhiteElo "2506"]
[BlackElo "2346"]
[WhiteFideId "404454"]
[BlackFideId "2300168"]
[EventDate "2012.03.06"]

1. c4 Nf6 2. Nc3 g6 3. e4 d6 4. g3 Bg7 5. Bg2 O-O 6. Nge2 Nc6 7. O-O a6 8. h3
Rb8 9. d4 Bd7 10. f4 Na5 11. b3 b5 12. e5 Ne8 13. c5 b4 14. Ne4 f6 15. Bb2 d5
16. Nf2 Bb5 17. exf6 exf6 18. f5 Bh6 19. Ng4 Bg7 20. Qd2 Nc6 21. Rf2 g5 22. h4
h6 23. Raf1 a5 24. Qc2 Ne7 25. hxg5 hxg5 26. Re1 Bd7 27. Nc1 c6 28. Bf1 Rf7 29.
Bd3 Qc7 30. Kg2 Bf8 31. Ne2 Qb7 32. Bc1 a4 33. bxa4 b3 34. axb3 Qxb3 35. Qxb3
Rxb3 36. Bc2 Rb4 37. Ne3 Nc7 38. Bd2 Rb8 39. Rff1 1-0

[Event "Reykjavik Open"]
[Site "Reykjavik ISL"]
[Date "2012.03.11"]
[Round "7.17"]
[White "Ptacnikova, Lenka"]
[Black "Arnold, Marc T"]
[Result "0-1"]
[WhiteTitle "WGM"]
[BlackTitle "IM"]
[WhiteElo "2289"]
[BlackElo "2502"]
[WhiteFideId "305650"]
[BlackFideId "2022320"]
[EventDate "2012.03.06"]

1. c4 Nf6 2. g3 e6 3. Bg2 d5 4. Nf3 d4 5. O-O Be7 6. e3 Nc6 7. b3 e5 8. exd4 e4
9. Ng5 Bg4 10. Qc2 Nxd4 11. Qb2 Be2 12. Re1 Bd3 13. Nxe4 O-O 14. Nbc3 Nc2 15.
Nxf6+ Bxf6 16. Re3 c6 17. a3 Nxa1 18. Qxa1 Bg5 19. Re1 Re8 20. Bb2 Rxe1+ 21.
Qxe1 Qe8 22. Qd1 Rd8 23. h4 Bf6 24. Bf3 Rd7 0-1

[Event "Reykjavik Open"]
[Site "Reykjavik ISL"]
[Date "2012.03.11"]
[Round "7.18"]
[White "Gretarsson, Hjorvar Steinn"]
[Black "Holm, Kristian Stuvik"]
[Result "1-0"]
[WhiteTitle "IM"]
[WhiteElo "2460"]
[BlackElo "2290"]
[WhiteFideId "2302241"]
[BlackFideId "1508083"]
[EventDate "2012.03.06"]

1. d4 Nf6 2. c4 c5 3. d5 b5 4. Qc2 d6 5. e4 g6 6. Nf3 Bg7 7. cxb5 a6 8. Nc3 O-O
9. a4 axb5 10. Bxb5 Ba6 11. O-O Bxb5 12. Nxb5 Na6 13. Bd2 Ne8 14. Rac1 Qb6 15.
Bc3 Nec7 16. Na3 Nb4 17. Nc4 Qb7 18. Bxb4 Qxb4 19. b3 Rfb8 20. Nfd2 Ra6 21. Qd3
Bd4 22. Kh1 e6 23. dxe6 fxe6 24. f4 d5 25. Ne5 Bxe5 26. fxe5 Raa8 27. Qe3 Rf8
28. Nf3 dxe4 29. Ng5 Rxf1+ 30. Rxf1 Rf8 31. Rd1 h6 32. Nxe4 Nd5 33. Qe1 Qxb3 34.
Nf6+ Nxf6 35. exf6 Rxf6 36. a5 Qb5 37. h3 Qc4 38. Rc1 Qb5 39. Rb1 Qc4 40. Rb8+
Kf7 41. Rb7+ Kg8 42. Qe5 Rf2 43. Rb6 Rf1+ 44. Kh2 Qf4+ 45. Qxf4 Rxf4 46. Rxe6
Kf7 47. Rc6 Rc4 48. Kg3 Rc2 49. Kf4 Rxg2 50. Ke5 Ke7 51. a6 c4 52. Rc7+ Kd8 53.
a7 Re2+ 54. Kd4 Rd2+ 55. Kxc4 Kxc7 56. a8=Q Rh2 57. Kd5 Rxh3 58. Qc6+ Kb8 59.
Qd6+ Ka8 60. Qd8+ 1-0

[Event "Reykjavik Open"]
[Site "Reykjavik ISL"]
[Date "2012.03.11"]
[Round "7.19"]
[White "Ziska, Helgi Dam"]
[Black "Lemeaux, David"]
[Result "1-0"]
[WhiteTitle "IM"]
[WhiteElo "2456"]
[BlackElo "2287"]
[WhiteFideId "7200595"]
[BlackFideId "613843"]
[EventDate "2012.03.06"]

1. e4 c5 2. Nf3 e6 3. d3 Nc6 4. g3 d6 5. Bg2 Nf6 6. O-O Be7 7. c3 O-O 8. a4 b6
9. Re1 Bb7 10. Na3 Qd7 11. Rb1 Rac8 12. Bf4 Rfd8 13. Qe2 Na5 14. b3 Nc6 15. Nc2
Re8 16. b4 cxb4 17. cxb4 e5 18. Bd2 Nd8 19. Ne3 Qxa4 20. Ra1 Qb5 21. Rxa7 Ba6
22. Nc4 Nc6 23. Rxe7 Rxe7 24. Nxd6 Qa4 25. Nxc8 Bxc8 26. Qe3 Nd7 27. Rc1 Re8 28.
Bh3 Qb5 29. Bf1 Qa4 30. Bh3 Qb5 31. Bc3 Nf8 32. Bf1 Bd7 33. d4 Qa4 34. Ra1 Qb3
35. d5 Nd8 36. Qc1 1-0

[Event "Reykjavik Open"]
[Site "Reykjavik ISL"]
[Date "2012.03.11"]
[Round "7.20"]
[White "Friedrichs, Klaus"]
[Black "Bartholomew, John"]
[Result "1/2-1/2"]
[BlackTitle "IM"]
[WhiteElo "2283"]
[BlackElo "2440"]
[WhiteFideId "4654420"]
[BlackFideId "2019353"]
[EventDate "2012.03.06"]

1. d4 Nf6 2. Nf3 c5 3. d5 b5 4. Bg5 Ne4 5. Bf4 Bb7 6. a4 b4 7. e3 e6 8. Bc4 Nf6
9. e4 Nxe4 10. O-O Bd6 11. Qe2 Bxf4 12. Qxe4 Qf6 13. Nbd2 O-O 14. Nb3 d6 15. Na5
Bxd5 16. Bxd5 exd5 17. Qxd5 Nd7 18. Nc4 Nb6 19. Nxb6 axb6 20. b3 Qc3 21. Qe4 Bh6
22. Rad1 Rfe8 23. Qd3 Qxd3 24. Rxd3 Re6 25. Rfd1 Rd8 26. Kf1 g6 27. g3 Kf8 28.
Rd5 Ke7 29. h4 Re8 30. R1d3 Kd7 31. a5 Kc6 32. axb6 f6 33. Rd1 Rb8 34. Nh2 Rxb6
35. f4 f5 36. Nf3 Ra6 37. Kf2 Ra2 38. R5d2 Kd7 39. h5 Kc6 40. hxg6 hxg6 41. c4
Ra3 42. Rd3 Kc7 43. Kf1 Ra6 44. Re1 Rxe1+ 45. Kxe1 Bg7 46. Nh4 Bc3+ 47. Ke2 Ra3
48. Nxg6 Kd7 49. Nh4 Ke6 50. Re3+ Kf6 51. Rd3 Ke6 52. Re3+ Kf6 53. Rd3 Ke6 1/2-1/2

[Event "Reykjavik Open"]
[Site "Reykjavik ISL"]
[Date "2012.03.11"]
[Round "7.21"]
[White "Cherednichenko, Svetlana"]
[Black "Kristiansen, Jens"]
[Result "0-1"]
[WhiteTitle "WGM"]
[BlackTitle "IM"]
[WhiteElo "2279"]
[BlackElo "2432"]
[WhiteFideId "14105551"]
[BlackFideId "1400061"]
[EventDate "2012.03.06"]

1. d4 f5 2. Nc3 Nf6 3. Bg5 d5 4. Bxf6 exf6 5. e3 Be6 6. Bd3 Nc6 7. Qf3 Qd7 8. a3
g6 9. Nge2 Ne7 10. h4 h5 11. Nf4 Bf7 12. Qe2 O-O-O 13. O-O-O Kb8 14. Kb1 Nc8 15.
Ka2 Nb6 16. b4 c5 17. Bb5 Qc7 18. bxc5 Bxc5 19. Na4 Nxa4 20. Bxa4 Bd6 21. Rb1
Rc8 22. Rb2 Qc3 23. Qb5 Rc7 24. Qb3 Qa5 25. Rhb1 b6 26. Ne2 Rhc8 27. Qb5 Qxb5
28. Bxb5 Rxc2 29. Rxc2 Rxc2+ 30. Kb3 Rc7 31. Rc1 Rxc1 32. Nxc1 f4 33. exf4 Bxf4
34. Ne2 Bd2 35. f4 Kc7 36. Kc2 Be1 37. g3 Be6 38. Kd1 Bf2 39. Kd2 Bf5 40. Be8 a6
41. Bf7 Kd6 42. Be8 b5 43. Bf7 a5 44. Nc3 Bxd4 45. Nxb5+ Kc5 46. Nc7 Bf2 47.
Nxd5 Bxg3 48. Ke3 Kd6 49. Kf3 Bxh4 50. Ne3 Bd3 51. Ng2 Ke7 52. Bxg6 Bxg6 53.
Nxh4 Bc2 54. Ke3 Kd6 55. Kd4 Kc6 56. Kc4 Bb1 57. Nf3 Ba2+ 58. Kd4 Kb5 59. Kc3
Kc5 60. Kd3 Bc4+ 61. Kc3 Bd5 62. Nh4 Be4 63. Kb3 Kd4 64. Ka4 Ke3 65. f5 Kf4 66.
Kxa5 Kg4 0-1

[Event "Reykjavik Open"]
[Site "Reykjavik ISL"]
[Date "2012.03.11"]
[Round "7.22"]
[White "Lasinskas, Povilas"]
[Black "Trella, Thomas"]
[Result "1/2-1/2"]
[WhiteTitle "FM"]
[BlackTitle "FM"]
[WhiteElo "2170"]
[BlackElo "2410"]
[WhiteFideId "12800503"]
[BlackFideId "24620513"]
[EventDate "2012.03.06"]

1. d4 e6 2. c4 Bb4+ 3. Nd2 b6 4. a3 Bxd2+ 5. Bxd2 Bb7 6. Nf3 f5 7. g3 Nf6 8. Bg2
O-O 9. O-O d6 10. b4 Qe7 11. Qb3 Ne4 12. Rfd1 Nxd2 1/2-1/2

[Event "Reykjavik Open"]
[Site "Reykjavik ISL"]
[Date "2012.03.11"]
[Round "7.24"]
[White "Moen, Andreas"]
[Black "Thompson, Ian D"]
[Result "1-0"]
[WhiteTitle "FM"]
[BlackTitle "FM"]
[WhiteElo "2360"]
[BlackElo "2255"]
[WhiteFideId "1501453"]
[BlackFideId "405205"]
[EventDate "2012.03.06"]

1. e4 e6 2. d4 d5 3. Nd2 Nf6 4. e5 Nfd7 5. Bd3 c5 6. c3 Nc6 7. Ne2 cxd4 8. cxd4
f6 9. exf6 Qxf6 10. Nf3 h6 11. O-O Bd6 12. Be3 O-O 13. Bc2 Rd8 14. Qd2 e5 15.
dxe5 Ndxe5 16. Qxd5+ Be6 17. Qe4 Nxf3+ 18. gxf3 Re8 19. Rad1 Rad8 20. f4 Bg4 21.
Qh7+ Kf8 22. Ng3 Bxd1 23. Rxd1 Bb4 24. Nh5 Rxd1+ 25. Bxd1 Qf7 26. f5 Rxe3 27.
fxe3 Bc5 28. Kf2 Ne7 29. f6 gxf6 30. Qxh6+ Ke8 31. Nxf6+ Kd8 32. Be2 Qg6 33.
Qf8+ Kc7 34. Nd5+ Kd7 35. Bb5+ Nc6 36. Qxc5 Qf5+ 37. Ke1 Qb1+ 38. Ke2 Qxb2+ 39.
Kf3 Qxh2 40. Bxc6+ bxc6 41. Qxa7+ Ke6 42. Nf4+ 1-0

[Event "Reykjavik Open"]
[Site "Reykjavik ISL"]
[Date "2012.03.11"]
[Round "7.25"]
[White "Aguera Naredo, Javier"]
[Black "Jensson, Einar Hjalti"]
[Result "1/2-1/2"]
[WhiteTitle "FM"]
[WhiteElo "2358"]
[BlackElo "2245"]
[WhiteFideId "2204169"]
[BlackFideId "2301067"]
[EventDate "2012.03.06"]

1. e4 e6 2. d4 d5 3. Nc3 Bb4 4. e5 c5 5. Bd2 Ne7 6. Nb5 Bxd2+ 7. Qxd2 O-O 8.
dxc5 Nd7 9. Qc3 b6 10. cxb6 Qxb6 11. Nf3 Rb8 12. b3 Ba6 13. a4 Rfc8 14. Qb2 Nc6
15. b4 d4 16. O-O-O Rd8 17. a5 Nxa5 18. bxa5 Qxa5 19. Nfxd4 Bxb5 20. Bxb5 Nxe5
21. Nxe6 Re8 22. Rd5 Rxe6 23. Rxe5 Rxb5 24. Qxb5 Qa1+ 25. Kd2 Qd4+ 26. Kc1 Qa1+ 1/2-1/2

[Event "Reykjavik Open"]
[Site "Reykjavik ISL"]
[Date "2012.03.11"]
[Round "7.31"]
[White "Thorfinnsson, Bjorn"]
[Black "Edvardsson, Kristjan"]
[Result "0-1"]
[WhiteTitle "IM"]
[WhiteElo "2416"]
[BlackElo "2217"]
[WhiteFideId "2300982"]
[BlackFideId "2300893"]
[EventDate "2012.03.06"]

1. d4 d6 2. e4 Nf6 3. Nc3 g6 4. f3 c6 5. Be3 b5 6. Qd2 Nbd7 7. g4 Nb6 8. h4 h5
9. g5 Nfd7 10. d5 Ne5 11. Bxb6 Qxb6 12. dxc6 Be6 13. Bxb5 Nxc6 14. Nd5 Bxd5 15.
Qxd5 Rc8 16. e5 e6 17. Qd3 Bg7 18. exd6 O-O 19. Bxc6 Rxc6 20. Rd1 Be5 21. d7
Bg3+ 0-1

[Event "Reykjavik Open"]
[Site "Reykjavik ISL"]
[Date "2012.03.11"]
[Round "7.32"]
[White "L'Ami, Alina"]
[Black "Marzano, Carlo"]
[Result "1/2-1/2"]
[WhiteTitle "WGM"]
[WhiteElo "2372"]
[BlackElo "2164"]
[WhiteFideId "1210246"]
[BlackFideId "802980"]
[EventDate "2012.03.06"]

1. d4 d5 2. c4 c6 3. Nf3 Nf6 4. Nc3 a6 5. e3 b5 6. b3 Bg4 7. Bd2 Nbd7 8. h3 Bxf3
9. Qxf3 e6 10. Bd3 b4 11. Na4 e5 12. cxd5 cxd5 13. Qe2 Qa5 14. dxe5 Nxe5 15. O-O
Be7 16. Bc1 O-O 17. Bb2 Nxd3 18. Qxd3 Rfd8 19. Rac1 Qb5 20. Rfd1 Ne4 21. Rc7 Bh4
22. g3 Bf6 23. Bxf6 Nxf6 24. Rc5 Qb7 25. Qd4 Rac8 26. Rdc1 h5 27. R5c2 Rxc2 28.
Rxc2 Rc8 29. Rd2 Rc1+ 30. Kg2 Qb5 31. Rd1 Rc2 32. Rd2 Rc1 33. Rd1 Rc2 34. Rd2
Rc1 35. Rd1 Rc2 36. Rd2 1/2-1/2

[Event "Reykjavik Open"]
[Site "Reykjavik ISL"]
[Date "2012.03.11"]
[Round "7.33"]
[White "Olafsson, Thorvardur"]
[Black "Arngrimsson, Dagur"]
[Result "0-1"]
[BlackTitle "IM"]
[WhiteElo "2147"]
[BlackElo "2361"]
[WhiteFideId "2301148"]
[BlackFideId "2301288"]
[EventDate "2012.03.06"]

1. e4 c6 2. d4 d5 3. exd5 cxd5 4. c4 Nf6 5. Nc3 Nc6 6. Be3 g6 7. Nf3 Bg7 8. h3
O-O 9. Be2 dxc4 10. Bxc4 Na5 11. Be2 Be6 12. O-O Nc4 13. Bxc4 Bxc4 14. Re1 Nd5
15. Nxd5 Bxd5 16. Ne5 Re8 17. Qa4 a6 18. Rac1 e6 19. Qd7 Qxd7 20. Nxd7 Bxa2 21.
Nb6 Rad8 22. Rc7 e5 23. dxe5 Bxe5 24. Rxb7 Bxb2 25. Ra7 Bc3 26. Rc1 Rxe3 27.
fxe3 Bd2 28. Rc6 Bxe3+ 29. Kf1 Rd2 30. Re7 Be6 31. Nc4 Rf2+ 32. Ke1 Bd4 33. Re8+
Kg7 34. Rd8 Rf4 35. Nd6 Bf2+ 36. Ke2 Bh4 37. Rb8 Rf2+ 38. Ke3 Rxg2 39. Ne8+ Kh6
40. Rxa6 Rg3+ 41. Kd2 Rxh3 42. Nd6 Bg3 43. Rbb6 Bf4+ 44. Kc2 Re3 45. Rb4 Re2+
46. Kb1 Rf2 47. Rb7 Kg7 48. Ne8+ Kf8 49. Nd6 Kg8 50. Rb8+ Kg7 51. Rb7 h5 0-1

[Event "Reykjavik Open"]
[Site "Reykjavik ISL"]
[Date "2012.03.11"]
[Round "7.36"]
[White "Lee, Kai Jie Edward"]
[Black "Lagerman, Robert"]
[Result "0-1"]
[BlackTitle "FM"]
[WhiteElo "2093"]
[BlackElo "2315"]
[WhiteFideId "5802920"]
[BlackFideId "2300362"]
[EventDate "2012.03.06"]

1. e4 e5 2. Nf3 Nc6 3. Bb5 a6 4. Ba4 Nf6 5. O-O Nxe4 6. Re1 Nc5 7. Bxc6 dxc6 8.
Nxe5 Be7 9. d4 Ne6 10. c3 O-O 11. Nd2 c5 12. Ndf3 cxd4 13. cxd4 Qd5 14. Be3 b6
15. Rc1 Bb7 16. Qc2 Qxa2 17. Nc4 b5 18. Nfd2 Qa4 19. b3 Qb4 20. Ne5 Qd6 21. Ne4
Qd5 22. Nc6 Bxc6 23. Qxc6 Rfd8 24. Red1 Bb4 25. Qc2 a5 26. Ra1 h6 27. Ng3 Rd7
28. Ne4 Rad8 29. Nc3 Qc6 30. Rac1 Nxd4 31. Bxd4 Rxd4 32. Rxd4 Rxd4 33. h3 Bxc3
34. Qxc3 Rd1+ 0-1

[Event "Reykjavik Open"]
[Site "Reykjavik ISL"]
[Date "2012.03.11"]
[Round "7.37"]
[White "Henriksson, Johan"]
[Black "Myrstad, Odd Magnus"]
[Result "1/2-1/2"]
[WhiteTitle "FM"]
[WhiteElo "2279"]
[BlackElo "2091"]
[WhiteFideId "1703560"]
[BlackFideId "1504851"]
[EventDate "2012.03.06"]

1. d4 d5 2. Nf3 Nf6 3. c4 dxc4 4. e3 a6 5. a4 e6 6. Bxc4 c5 7. O-O Nc6 8. Nc3
cxd4 9. exd4 Be7 10. Be3 O-O 11. d5 exd5 12. Nxd5 Nxd5 13. Bxd5 Bf6 14. Qb3 Qe7
15. Bd2 Be6 16. Rfe1 Bxd5 17. Qxd5 Qd8 18. Qb3 Qc7 19. Rac1 Rfe8 20. Be3 Rac8
21. h3 h6 22. Red1 Re4 23. Nd4 Qb8 24. Nxc6 bxc6 25. Bb6 Rce8 26. a5 Re2 27. g3
Qc8 28. Kg2 Bxb2 29. Rc2 Bf6 30. Rdc1 Rxc2 31. Qxc2 Re6 1/2-1/2

[Event "Reykjavik Open"]
[Site "Reykjavik ISL"]
[Date "2012.03.11"]
[Round "7.38"]
[White "Doggers, Peter"]
[Black "Ziska, Andrias"]
[Result "1-0"]
[WhiteElo "2265"]
[BlackElo "1900"]
[WhiteFideId "1005774"]
[BlackFideId "7200587"]
[EventDate "2012.03.06"]

1. e4 c5 2. Nf3 d6 3. d4 cxd4 4. Nxd4 Nf6 5. Nc3 a6 6. Be2 e5 7. Nb3 Be7 8. O-O
Qc7 9. Re1 Nbd7 10. Bf1 b5 11. a4 b4 12. Na2 Rb8 13. c3 bxc3 14. Nxc3 Bb7 15. f3
O-O 16. Be3 Nc5 17. Nxc5 dxc5 18. Bc4 Rfd8 19. Qe2 Qa5 20. Red1 Rd4 21. Bxd4
cxd4 22. Nd5 Bxd5 23. exd5 Bd6 24. Kh1 Nh5 25. Bxa6 Nf4 26. Qc4 Nxd5 27. Qc6 Rb6
28. Qe8+ Bf8 29. Bc4 Re6 30. Qb5 Qxb5 31. Bxb5 Ne3 32. Rdc1 g6 33. a5 Re7 34. a6
Ra7 35. Rc8 f5 36. Rac1 e4 37. R1c7 Rxc7 38. Rxc7 d3 39. a7 Nd5 40. Bc4 e3 41.
Bxd5+ Kh8 42. a8=R e2 43. Rxf8# 1-0

[Event "Reykjavik Open"]
[Site "Reykjavik ISL"]
[Date "2012.03.11"]
[Round "7.39"]
[White "Karlsson, Bjorn-Ivar"]
[Black "Ragnarsson, Dagur"]
[Result "1-0"]
[WhiteElo "2250"]
[BlackElo "1858"]
[WhiteFideId "2301687"]
[BlackFideId "2304058"]
[EventDate "2012.03.06"]

1. Nf3 Nf6 2. c4 e6 3. Nc3 d5 4. e3 Be7 5. a3 O-O 6. d4 a6 7. b4 dxc4 8. Bxc4 b5
9. Bd3 Bb7 10. Bb2 Nbd7 11. e4 Re8 12. O-O Nf8 13. Re1 Ng6 14. g3 Nd7 15. Rc1 e5
16. d5 Bd6 17. h4 Nf6 18. Nd2 c6 19. dxc6 Bxc6 20. Nf1 Qb6 21. Qe2 Rad8 22. Ne3
Bb8 23. Red1 Nf8 24. Ncd5 Bxd5 25. exd5 Ng6 26. Rc6 Qb7 27. Rxf6 gxf6 28. Be4
Kh8 29. Qf3 Qb6 30. Qf5 Rg8 31. Rc1 Rd6 32. h5 Nf8 33. Rc8 Ng6 34. hxg6 fxg6 35.
Rxg8+ Kxg8 36. Qc8+ Qd8 37. Qxd8+ Rxd8 38. g4 Bd6 39. Kf1 Kg7 40. Ke2 Ra8 41.
Nc2 Re8 42. Na1 Rc8 43. Nb3 Rc4 44. f3 Rc8 45. Na5 Rc7 46. Nc6 h5 47. gxh5 gxh5
48. Bc1 h4 49. Bf5 Kh8 50. Be3 Rg7 51. Bc5 Bc7 52. d6 Bxd6 53. Bxd6 Rg2+ 54. Ke3
Ra2 55. Ke4 Rxa3 56. Ne7 Kg7 57. Bg4 Ra4 58. Kf5 Ra3 59. Ke4 Ra4 60. Kd5 a5 61.
bxa5 Rxa5 62. Nf5+ Kg6 63. Nxh4+ Kg5 64. Ng2 b4+ 65. Kc4 b3 66. Kxb3 Rd5 67. Be7
Rd2 68. Ne1 Re2 69. Bb4 f5 70. Bh3 e4 71. Bf1 Rf2 72. Bc4 Kg6 73. Bc5 Rh2 74. f4
Rh3+ 75. Kc2 Rh1 76. Kd2 Rh7 77. Bd4 Rh2+ 78. Be2 Kf7 79. Nc2 Ke6 80. Ne3 Kd6
81. Nxf5+ Kd5 82. Be5 Ke6 83. Ne3 Rf2 84. Ng4 Rg2 85. Ke3 Kf5 86. Nf6 Rg3+ 87.
Kf2 Ra3 88. Bg4+ Kg6 89. Nxe4 Ra2+ 90. Be2 Kf5 91. Ng3+ Ke6 92. Ke3 Ra3+ 93. Bd3
Rb3 94. Kd4 Kd7 95. Ne4 Ra3 96. f5 Ke8 97. Bc4 Rf3 98. f6 Kf8 99. Bd6+ Ke8 100.
Ke5 Kd7 101. f7 Rg3 102. Nxg3 1-0

[Event "Reykjavik Open"]
[Site "Reykjavik ISL"]
[Date "2012.03.11"]
[Round "7.40"]
[White "Gunnarsson, Jon Viktor"]
[Black "Goodger, Martyn"]
[Result "1-0"]
[WhiteTitle "IM"]
[WhiteElo "2424"]
[BlackElo "2098"]
[WhiteFideId "2300931"]
[BlackFideId "408336"]
[EventDate "2012.03.06"]

1. e4 e5 2. Nf3 Nf6 3. Nc3 Nc6 4. a3 d5 5. Bb5 Nxe4 6. Nxe5 Qf6 7. Nf3 Be6 8.
Qe2 Nxc3 9. dxc3 Bc5 10. Bg5 Qg6 11. Bd3 Qh5 12. h3 Be7 13. Bf4 O-O-O 14. O-O-O
Bd6 15. Be3 f6 16. Bxa7 Qf7 17. Be3 Rhe8 18. Bb5 Bd7 19. Qd3 d4 20. cxd4 Na5 21.
Bxd7+ Rxd7 22. d5 b6 23. b4 Nb7 24. Qa6 c5 25. dxc6 1-0

[Event "Reykjavik Open"]
[Site "Reykjavik ISL"]
[Date "2012.03.11"]
[Round "7.41"]
[White "Vuilleumier, Alexandre"]
[Black "Mikalsen, Erlend"]
[Result "1-0"]
[WhiteTitle "IM"]
[WhiteElo "2350"]
[BlackElo "2083"]
[WhiteFideId "1305662"]
[BlackFideId "1507338"]
[EventDate "2012.03.06"]

1. e4 c5 2. Nf3 d6 3. c3 Nf6 4. h3 e6 5. Bd3 Nc6 6. O-O Be7 7. Bc2 Qc7 8. Re1 h6
9. d4 e5 10. Na3 g5 11. dxe5 dxe5 12. Nh2 Be6 13. Bb3 O-O 14. h4 Rad8 15. Qe2
Ne8 16. Bxe6 fxe6 17. hxg5 Bxg5 18. Bxg5 hxg5 19. Qg4 Qe7 20. Nf3 Rf4 21. Qxg5+
Qxg5 22. Nxg5 Rd2 23. Nc4 Rc2 24. f3 b5 25. Ne3 Rxb2 26. Nxe6 Rf6 27. Nxc5 b4
28. Nd3 Rd2 29. Nxb4 1-0